00334cam a2200121 a 4500020003200000082001800032245001900050260005900069300002500128650001800153700002200171700001900193 a0935702334 (acidfree paper)00a574.12454 CYT00aCytochrome C : aSausalito, Calif. :bUniversity Science Books,cc1996. avi, 738 p. :bill. ; 0aCytochrome c.1 aScott, Robert A.,1 aMauk, A. Grant